000 00222nam a22000977a 4500
041 _aeng
080 _a80
100 _aСмирнов, А.А.
245 _aПроблемы психологии памяти.
999 _c280939
_d280939
942 _cBK